Design thinking. develop concepts / Step nine :

Using the ideas generated in "Brainstorming," "Develop Concepts" describes a process the design thinking core team uses for turning single ideas into creative solutions. Also included in this nine-minute video are tools for the core team to use in developing concepts from the bra...

Full description

Bibliographic Details
Other Authors: Liedtka, Jeanne (Speaker)
Format: Video
Language:English
Language Notes:In English.
Published: Charlottesville, VA : University of Virginia Darden, 2016.
Series:Design Thinking
Subjects:
Online Access:Connect to this streaming video (Alexander Street Press)

MARC

Tag First Indicator Second Indicator Subfields
LEADER 00000cgm a2200000Mi 4500
001 in00005591421
006 m o c
007 cr |n||||||||a
007 vz |za|z|
008 200909s2016 vau010 e o vneng d
005 20241201233424.4
035 |a (OCoLC)on1200166684 
040 |a ALSTP  |b eng  |e rda  |c ALSTP  |d OCLCO  |d OCLCF  |d OCLCO  |d CJT  |d OCLCQ 
019 |a 1373493133 
035 |a (OCoLC)1200166684  |z (OCoLC)1373493133 
049 |a TXAM 
245 0 0 |a Design thinking.  |p Step nine :  |b develop concepts /  |c University of Virginia, Darden School of Business. 
246 3 0 |a Step nine :  |b develop concepts 
264 1 |a Charlottesville, VA :  |b University of Virginia Darden,  |c 2016. 
300 |a 1 online resource (10 minutes) 
306 |a 000943 
336 |a two-dimensional moving image  |b tdi  |2 rdacontent 
337 |a computer  |b c  |2 rdamedia 
337 |a video  |b v  |2 rdamedia 
338 |a online resource  |b cr  |2 rdacarrier 
347 |a video file  |2 rda 
490 0 |a Design Thinking 
500 |a Title from resource description page (viewed September 17, 2020). 
520 |a Using the ideas generated in "Brainstorming," "Develop Concepts" describes a process the design thinking core team uses for turning single ideas into creative solutions. Also included in this nine-minute video are tools for the core team to use in developing concepts from the brainstorming ideas. This video is part of the Design Thinking video series meant to accompany any one of three cases (Arena Industries [UVA-S-0240], Trenton State College [UVA-S-0241], or Great Lakes [UVA-S-0248]) that explore the design thinking approach to innovative problem solving. 
546 |a In English. 
650 0 |a Project management. 
650 0 |a Industrial management  |x Decision making. 
650 0 |a Problem solving  |x Study and teaching. 
650 0 |a Customer relations. 
650 0 |a Brainstorming. 
650 6 |a Gestion de projet. 
650 6 |a Gestion d'entreprise  |x Prise de décision. 
650 6 |a Résolution de problème  |x Étude et enseignement. 
650 6 |a Remue-méninges. 
650 7 |a Brainstorming.  |2 fast  |0 (OCoLC)fst00837788 
650 7 |a Customer relations.  |2 fast  |0 (OCoLC)fst00885533 
650 7 |a Industrial management  |x Decision making.  |2 fast  |0 (OCoLC)fst00971264 
650 7 |a Problem solving  |x Study and teaching.  |2 fast  |0 (OCoLC)fst01077918 
650 7 |a Project management.  |2 fast  |0 (OCoLC)fst01078797 
655 7 |a Instructional films.  |2 fast  |0 (OCoLC)fst01726236 
655 7 |a Instructional films.  |2 lcgft 
655 7 |a Films de formation.  |2 rvmgf 
700 1 |a Liedtka, Jeanne,  |e speaker. 
710 2 |a Colgate Darden Graduate School of Business Administration,  |e publisher. 
856 4 0 |u http://proxy.library.tamu.edu/login?url=https://www.aspresolver.com/aspresolver.asp?MARC;5075135  |z Connect to this streaming video (Alexander Street Press)  |t 0 
955 |a Alexander Street Press subscription streaming video 
994 |a 92  |b TXA 
999 f f |s bcff04e4-7981-4250-9fa0-38a003c54d98  |i 5f2d2112-afe1-46b8-a3d9-52bc505fffee  |t 0 
952 f f |a Texas A&M University  |b College Station  |c Electronic Resources  |d Available Online  |t 0  |h Library of Congress classification 
998 f f |t 0  |l Available Online